Language and literature assessment : (Record no. 356029)
[ view plain ]
| 000 -LEADER | |
|---|---|
| fixed length control field | 00369nam a2200109Ia 4500 |
| 008 - FIXED-LENGTH DATA ELEMENTS--GENERAL INFORMATION | |
| fixed length control field | 180305s9999 xx 000 0 und d |
| 020 ## - INTERNATIONAL STANDARD BOOK NUMBER | |
| International Standard Book Number | 9716857221 |
| 100 ## - MAIN ENTRY--PERSONAL NAME | |
| Personal name | Go, Mildred B. |
| 245 ## - TITLE STATEMENT | |
| Statement of responsibility, etc | Mildred B. Go, Ofelia T. Posecion. |
| Title | Language and literature assessment : |
| Remainder of title | a comprehensice guide / |
| 260 ## - PUBLICATION, DISTRIBUTION, ETC. (IMPRINT) | |
| Place of publication, distribution, etc | Quezon City : |
| Name of publisher, distributor, etc | Lorimar Pub. Inc., |
| Date of publication, distribution, etc | 2010 |
| 300 ## - PHYSICAL DESCRIPTION | |
| Extent | vii, 113 pages |
| Withdrawn status | Lost status | Damaged status | Home library | Current library | Shelving location | Date acquired | Source of acquisition | Total Checkouts | Full call number | Barcode | Date last seen | Price effective from | Koha item type |
|---|---|---|---|---|---|---|---|---|---|---|---|---|---|
| College Library | College Library | Filipiniana Section | 03/05/2018 | LB 3060.3 .G573 2010 | c21279 | 05/08/2018 | 03/05/2018 | Books |